000 01342nam a2200265 a 4500
001 57519
003 BD-RjUL
005 20211209080525.0
008 161210s2012 nyua b 001 0 eng
020 _a9780195379464 (cloth : alk. paper)
020 _a9780195379471 (pbk. : alk. paper)
035 _a(BD-RjUL) 57643
040 _aDLC
_cDLC
_dDLC
_beng
041 _aeng
082 0 0 _223
_a302.3
_bKAU 2012
100 1 _aKadushin, Charles.
_9170813
245 1 0 _aUnderstanding social networks :
_btheories, concepts, and findings /
_cCharles Kadushin.
260 _aNew York :
_bOxford University Press,
_cc2012.
300 _axii, 252 p. :
_bill. ;
_c24 cm.
504 _aIncludes bibliographical references and index.
505 0 _aIntroduction -- Basic network concepts: part I individual members of networks -- Basic network concepts: part II whole social networks -- Basic network concepts: part III network segmentation -- Psychological foundations of social networks -- Small groups, leadership and social networks -- Organizations and networks -- The small world, circles and communities -- Influence and diffusion -- Networks as social capital -- Ethical dilemmas of social network research -- Coda: ten master ideas of social networks.
650 0 _aSocial networks.
_9170814
942 _2ddc
_cBK
999 _c57519
_d57519